00226nam a2200097Ia 4500008004100000100001700041245002400058260002200082942000700104999001700111190216s9999||||xx |||||||||||||| ||und|| aNookacs G R 2aA Text Book Of Heat bMagmillan &co Ltd cBK c32682d32682